000 00449nam a2200193Ia 4500
008 210210b1946 xxu||||| |||| 00| 0 eng d
041 _aeng
082 _a425/242
100 _aPINTO (V De S)
245 _aTeaching of English in schools
260 _aLondon
_bMacmillan & Co. Ltd.
_c1946
650 _aTeaching
650 _aschools
650 _aof
650 _ain
650 _aEnglish
690 _aEnglish Language
906 _a006018
999 _c128997
_d128997